000 00577nam a2200205 i 4500
001 123042
003 ES-MaACL
005 20250712063126.0
007 t|
008 070214s1971 sp r ||||0| spa d
080 _a821.111(73)-31"19"
100 _aPuzo, Mario,
_d1920-1999
_9237673
245 1 3 _aLa arena sucia /
_cMario Puzo ; traducción de Ángel Arnau.
250 _a1ª ed.
260 _aBarcelona :
_bGrijalbo,
_c1971.
300 _a298 p :
_bil ;
_c20 cm.
700 1 _aArnau, Angel.
_923047
852 4 _aES-MaACL
_jC-41527
999 _c123042
_d123042